An introduction to programming with C++ / (Record no. 544)

MARC details
000 -LEADER
fixed length control field 01074cam a2200301 i 4500
001 - CONTROL NUMBER
control field 18604837
003 - CONTROL NUMBER IDENTIFIER
control field OSt
005 - DATE AND TIME OF LATEST TRANSACTION
control field 20250420134815.0
008 - FIXED-LENGTH DATA ELEMENTS--GENERAL INFORMATION
fixed length control field 150505s2016 maua 001 0 eng
010 ## - LIBRARY OF CONGRESS CONTROL NUMBER
LC control number 2015940474
020 ## - INTERNATIONAL STANDARD BOOK NUMBER
International Standard Book Number 9781285860114
040 ## - CATALOGING SOURCE
Original cataloging agency DLC
Language of cataloging eng
Transcribing agency KCST
042 ## - AUTHENTICATION CODE
Authentication code pcc
050 00 - LIBRARY OF CONGRESS CALL NUMBER
Classification number QA76.73.C15
Item number Z35 2016
082 04 - DEWEY DECIMAL CLASSIFICATION NUMBER
Classification number 005.133
Edition information 22
Item number Za In
100 1# - MAIN ENTRY--PERSONAL NAME
Personal name Zak, Diane,
Relator term author.
9 (RLIN) 4877
245 13 - TITLE STATEMENT
Title An introduction to programming with C++ /
Statement of responsibility, etc. Diane Zak.
250 ## - EDITION STATEMENT
Edition statement 8th edition.
260 ## - PUBLICATION, DISTRIBUTION, ETC.
Place of publication, distribution, etc. Boston, MA :
Name of publisher, distributor, etc. Cengage Learning,
Date of publication, distribution, etc. 2016.
300 ## - PHYSICAL DESCRIPTION
Extent xviii, 609 pages :
Other physical details illustrations (some color) ;
Dimensions 28 cm
500 ## - GENERAL NOTE
General note Includes index.
650 #0 - SUBJECT ADDED ENTRY--TOPICAL TERM
Topical term or geographic name entry element C++ (Computer program language)
9 (RLIN) 162
856 42 - ELECTRONIC LOCATION AND ACCESS
Materials specified Contributor biographical information
Uniform Resource Identifier <a href="https://www.loc.gov/catdir/enhancements/fy1614/2015940474-b.html">https://www.loc.gov/catdir/enhancements/fy1614/2015940474-b.html</a>
856 42 - ELECTRONIC LOCATION AND ACCESS
Materials specified Publisher description
Uniform Resource Identifier <a href="https://www.loc.gov/catdir/enhancements/fy1614/2015940474-d.html">https://www.loc.gov/catdir/enhancements/fy1614/2015940474-d.html</a>
856 41 - ELECTRONIC LOCATION AND ACCESS
Materials specified Table of contents only
Uniform Resource Identifier <a href="https://www.loc.gov/catdir/enhancements/fy1614/2015940474-t.html">https://www.loc.gov/catdir/enhancements/fy1614/2015940474-t.html</a>
942 ## - ADDED ENTRY ELEMENTS (KOHA)
Koha item type Book
942 ## - ADDED ENTRY ELEMENTS (KOHA)
Source of classification or shelving scheme Dewey Decimal Classification
Holdings
Withdrawn status Lost status Source of classification or shelving scheme Damaged status Not for loan Home library Current library Date acquired Cost, normal purchase price Total checkouts Full call number Barcode Date last seen Price effective from Koha item type
    Dewey Decimal Classification     KCST Library KCST Library 04/08/2020 35.00   005.133 Za In 1000000624 04/08/2020 04/08/2020 Book
© 2025 KCST. All rights reserved